Statistics for Real Madrid 1997/98 squad

Click here to take the quiz!

General Stats

  • This quiz has been taken 14 times
  • The average score is 10 of 25

Answer Stats

Shirt no.Player% Correct
7Raúl
86%
3Roberto Carlos
79%
4Fernando Hierro
71%
25Bodo Illgner
64%
8Predrag Mijatović
64%
6Fernando Redondo
57%
14Guti
57%
5Manolo Sanchís
57%
17Christian Panucci
50%
15Fernando Morientes
50%
22Christian Karembeu
43%
10Clarence Seedorf
43%
Jupp Heynckes
43%
24Aitor Karanka
36%
9Davor Šuker
36%
1Santiago Cañizares
36%
11José Amavisca
29%
13Pedro Contreras
21%
18Víctor Sánchez
21%
2Chendo
14%
23Dani García
14%
16Jaime
14%
20Sávio
14%
19Fernando Sanz
7%
21Roberto Rojas
7%

Score Distribution

Percentile by Number Answered

Percent of People with Each Score

Your Score History

You have not taken this quiz